000 00608nam a22001937a 4500
003 LK-CoMWRAF
005 20231010153514.0
008 231010b2002 |||||||| |||| 00| 0 eng d
020 _a9555800695
040 _aLK-CoMWRAF
_dLK-CoMWRAF
_eLK-CoMWRAF
041 _aeng
082 _a346.013
_bFAV
100 _aFavero-Karunaratna, Rossana
245 _aSudu:
_ba reflection on the legal status of foreign spouses in Sri Lanka
260 _aColombo:
_bInternational Centre for Ethnic Studies,
_c2002
300 _a 60 p. ; 23 cm.
650 _aFOREIGN SPOUSES--Legal status, laws,-Sri Lanka.
942 _cBK
999 _c3833
_d3833